|
|
|
|
| LEADER |
00000naa2a2200000 4500 |
| 001 |
617769 |
| 005 |
20240214090950.0 |
| 035 |
|
|
|a (RuTPU)RU\TPU\conf\16089
|
| 035 |
|
|
|a RU\TPU\conf\16088
|
| 090 |
|
|
|a 617769
|
| 100 |
|
|
|a 20160330d2016 k y0rusy50 ca
|
| 101 |
0 |
|
|a rus
|
| 102 |
|
|
|a RU
|
| 105 |
|
|
|a y z 101zy
|
| 135 |
|
|
|a drcn ---uucaa
|
| 181 |
|
0 |
|a i
|
| 182 |
|
0 |
|a b
|
| 200 |
1 |
|
|a Место и роль института культуры в структуре классического университета
|f Г. И. Петрова [и др.]
|
| 203 |
|
|
|a Текст
|c электронный
|
| 300 |
|
|
|a Заглавие с экрана
|
| 320 |
|
|
|a [Библиогр.: с. 116-117 (10 назв.)]
|
| 463 |
|
0 |
|0 (RuTPU)RU\TPU\conf\16074
|t Межкультурная коммуникация: теория и практика
|o сборник научных трудов XV Международной научно-практической конференции "Лингвистические и культурологические традиции и инновации", Томск, 9-11 ноября 2015 г.
|f Национальный исследовательский Томский политехнический университет (ТПУ) ; ред. кол. Ю. В. Кобенко [и др.]
|v [С. 108-117]
|d 2016
|
| 610 |
1 |
|
|a труды учёных ТПУ
|
| 610 |
1 |
|
|a электронный ресурс
|
| 610 |
1 |
|
|a культура
|
| 610 |
1 |
|
|a университеты
|
| 610 |
1 |
|
|a образование
|
| 610 |
1 |
|
|a вузы
|
| 610 |
1 |
|
|a инновации
|
| 701 |
|
1 |
|a Петрова
|b Г. И.
|c философ
|c профессор Томского политехнического института, доктор философских наук
|f 1940-
|g Галина Ивановна
|3 (RuTPU)RU\TPU\pers\33571
|
| 701 |
|
1 |
|a Брылина
|b И. В.
|c философ
|c доцент Томского политехнического университета, доктор философских наук
|f 1967-
|g Ирина Владимировна
|3 (RuTPU)RU\TPU\pers\24728
|9 10969
|
| 701 |
|
1 |
|a Корниенко
|b А. А.
|c российский философ
|c профессор Томского политехнического университета
|c заведующая кафедрой философии
|f 1941-
|g Алла Александровна
|3 (RuTPU)RU\TPU\pers\21967
|9 9286
|
| 701 |
|
1 |
|a Пономарев
|b В. А.
|c специалист в области организации высшего профессионального образования, писатель
|c доцент Юргинского технологического института (филиала) Томского политехнического университета
|f 1959-
|g Владимир Алексеевич
|3 (RuTPU)RU\TPU\pers\24506
|9 10825
|
| 712 |
0 |
2 |
|a Национальный исследовательский Томский политехнический университет (ТПУ)
|b Институт социально-гуманитарных технологий (ИСГТ)
|b Кафедра истории и философии науки и техники (ИФНТ)
|3 (RuTPU)RU\TPU\col\21252
|
| 712 |
0 |
2 |
|a Национальный исследовательский Томский политехнический университет (ТПУ)
|b Юргинский технологический институт (филиал) (ЮТИ)
|b Кафедра гуманитарного образования и иностранных языков (ГОИЯ)
|3 (RuTPU)RU\TPU\col\18978
|
| 801 |
|
2 |
|a RU
|b 63413507
|c 20160505
|g RCR
|
| 856 |
4 |
|
|u http://earchive.tpu.ru/handle/11683/22451
|
| 942 |
|
|
|c BK
|